Vista normal
Vista MARC
Entrada Topical Term
Número de registros utilizados en: 1
001 - CONTROL NUMBER
- control field: 3422
003 - CONTROL NUMBER IDENTIFIER
- control field: OSt
005 - DATE AND TIME OF LATEST TRANSACTION
- control field: 20200422141942.0
008 - FIXED-LENGTH DATA ELEMENTS
- fixed length control field: 200422|| aca||aabn | a|a d
040 ## - CATALOGING SOURCE
- Original cataloging agency: OSt
- Transcribing agency: OSt
150 ## - HEADING--TOPICAL TERM
- Topical term or geographic name entry element: Cuentos infantiles
670 ## - SOURCE DATA FOUND
- Source citation: Work cat.: (OSt)3350: Isaza Robledo, Luis Fernando, autor 3421, Mi mamá es un chimpancé / , 2005